000 01428nam a2200337 a 4500
003 DO-SdBNP
005 20250120091142.0
007 ta
008 110325s2022 dr bd 001 0 spa d
020 _a9789945634068
040 _aDO-SdBNP
_bspa
_cBNPHU
082 4 _a331.62097293
_bB142b, 2022
_222
100 1 _aBáez Evertsz, Franc ,
_d 1948-2016
_955030
245 1 0 _aBraceros haitianos en la República Dominicana /
_cFran Báez Evertz ; presentación Samuel Pereyra Rojas ; prólogo Wilfredo Lozano ;
260 _aSanto Domingo :
_bInstituto Nacional de Migración,
_bBanco de Reservas,
_c2022.
300 _a385 p. :
_bil., cuadros, diagrs., mapas ;
_c23 cm.
490 1 _aClásicos de la Migración Dominicana
500 _aIncluye datos biográficos del autor en la solapa de la portada.
500 _aIncluye Índice de cuadros, grafícos, mapas y diagramas
500 _aIncluye notas y biografías a pie de paginas.
500 _aIncluye índice onomástico.
504 _aBibliografía : p. 347-359
590 _aInventariado, 2022/ YL
650 4 _aTrabajadores extranjeros
_zRepública Dominicana
_953854
650 4 _aHaitianos en República Dominicana
_92246
700 1 _aPereyra Rojas, Samuel
_epres.
_983007
700 1 _aLozano, Wilfredo
_eprol.
_981507
830 _aClásicos de la Migración Dominicana
_983013
910 _aYLockward/Validado. Control de calidad MFF
942 _2ddc
_cLBS1
999 _c53092
_d53092